000 01486cam a2200301 i 4500
001 18120468
003 OSt
005 20260219053107.0
008 140418s2015 nyua b 001 0 eng
010 _a 2014015720
020 _a9781107601635 (pbk.)
020 _a1107601630 (pbk.)
040 _aDLC
_beng
_cDLC
_erda
_dDLC
042 _apcc
082 0 0 _a341.48 ROB
100 _aRoberts, Christopher N. J.
245 1 4 _aThe contentious history of the International Bill of Human Rights /
_cChristopher N. J. Roberts
264 1 _aNew York :
_bCambridge University Press,
_c2015.
300 _axiv, 237 p. :
_bill. ;
_c23 cm.
490 0 _aCambridge studies in law and society
505 0 _aWhat are human rights and where do they come from? From war and politics to human rights, The Cold War and colonial recession; Protecting state sovereignty from the 'dangers' of human rights; Saving empire: the attempt to create (non)-universal human rights; A human rights Treaty that permits lynching? The United States' unequivocal ambivalence towards socioeconomic rights.
610 2 0 _aUnited Nations.
_bGeneral Assembly.
_tUniversal Declaration of Human Rights.
650 0 _aHuman rights
_xHistory.
856 4 1 _3Table of contents
_uhttp://www.loc.gov/catdir/enhancements/fy1408/2014015720-t.html
906 _a7
_bcbc
_corignew
_d1
_eecip
_f20
_gy-gencatlg
942 _2ddc
_cBK
999 _c112905
_d112905